Does Canada Have... - Statistics

General Stats
  • This quiz has been taken 26 times
  • The average score is 14 of 20
Answer Stats
Hint Explanation Answer % Correct
Nukes Canada has never tried to develop nukes, as far as I can tell No
100%
A Province With A Language Besides English As An Official Language French-Speaking Quebec comes to mind Yes
100%
Three Land Borders It shares a MARITIME border with France, on St. Pierre and Miquelon. It shares a land border with the USA and Denmark (Greenland). No
96%
An Island Larger Than Great Britain Baffin Island is nearly twice its size Yes
96%
Wild Polar Bears Nunavut and Churchill, Manitoba have prominent populations Yes
96%
A Province That Wants To Be A Country 49.42% of Quebec citizens want to become independent Yes
96%
The Most Tornadoes On Earth Canada is #2, after the USA No
92%
More Coastline Than The Entire EU Roughly 4 TIMES as much Yes
92%
A Province That Was A Country Newfoundland and Labrador, until 1949 Yes
88%
A Coral Reef Waters too cold. Only cold-water coral structures. No
84%
A Metro Area With 10M People Toronto only has 7M people No
72%
A City With 100 Lakes Sudbury, Ontario has 330! Yes
72%
A Timezone Offset By Half An Hour From The UTC Newfoundland Time (UTC-3:30) Yes
68%
Active Volcanoes There are at least 49 volcanoes that have erupted in the last 10,000 years Yes
64%
A Mountain Taller Than Denali Mount Logan is 500 feet short. No
56%
A 2,000 Foot Building The CN Tower is 185 feet short No
48%
A Ten Mile Bridge The longest bridge in Canada is 8 miles long No
32%
A Province Without Mosquitoes Sadly they all have them No
28%
A $200 Billion Mining Industry Just Short - Mining, quarrying, and oil and gas extraction is only 8% of Canada's $2 Trillion Dollar GDP No
28%
A Building Taller Than The One World Trade Center The CN Tower is 39 feet taller Yes
28%
No matching quizzes found
Score Distribution
Percent of People with Each Score
Percentile by Number Answered
Your Score History
You have not taken this quiz